000 00352nam a22001457a 4500
005 20260224134602.0
008 260224b |||||||| |||| 00| 0 eng d
020 _a978-0198-092087
100 _aA. Deshpande
245 _aAffirmative Action in India
260 _aNew Delhi
_bOxford Press
_c2025
300 _a218
650 _aLaw
942 _2ddc
_cBK
999 _c22091
_d22091